Les jeux Ubisoft les plus achetés sur Steam - Statistiques

Statistiques générales
  • Ce quiz a été pris 55 fois
  • Le résultat moyen est 12 sur 40
Statistiques - réponses
# Jeu Année de sortie % Correct
23 Assassin's Creed 2007
91%
17 Far Cry 2004
69%
6 Assassin's Creed 2 2009
67%
21 Assassin’s Creed III 2012
67%
3 Assassin’s Creed IV Black Flag 2013
67%
35 Assassin's Creed Origins 2017
62%
5 Far Cry 3 2012
60%
19 Far Cry 2 2008
58%
7 Far Cry 4 2014
58%
15 Far Cry 5 2018
58%
10 Assassin's Creed Unity 2014
56%
16 Assassin's Creed Odyssey 2018
53%
24 Watch_Dogs 2014
47%
26 Assassin's Creed Syndicate 2015
40%
12 Watch_Dogs 2 2016
40%
18 Assassin’s Creed Brotherhood 2010
38%
25 Assassin’s Creed Rogue 2014
36%
27 Far Cry Primal 2016
36%
2 Tom Clancy's Rainbow Six Siege 2015
33%
38 Rayman Legends 2013
29%
22 Assassin's Creed Revelations 2011
27%
11 The Crew 2 2018
20%
37 Tom Clancy's Splinter Cell 2002
20%
8 For Honor 2016
18%
4 Tom Clancy’s The Division 2015
18%
14 Tom Clancy's Ghost Recon Wildlands 2017
16%
30 Steep 2016
11%
34 Far Cry New Dawn 2019
7%
20 Far Cry 3 - Blood Dragon 2013
4%
33 South Park : L'Annale du destin 2017
2%
13 South Park : Le Bâton de la vérité 2014
2%
39 Tom Clancy's Splinter Cell Conviction 2010
2%
40 Anno 2070 2011
0%
28 Anno 2205 2015
0%
1 Brawlhalla 2014
0%
29 Dark Messiah of Might & Magic 2006
0%
32 Rocksmith 2014 2013
0%
31 Tom Clancy’s Splinter Cell Blacklist 2013
0%
36 Tom Clancy's Splinter Cell Chaos Theory 2005
0%
9 TrackMania Nations Forever 2008
0%
Aucun quiz correspondant
Distribution des résultats
% des personnes avec chaque résultat
Percentile par nombre de réponses
Votre historique - résultats
Vous n’avez pas pris ce quiz